The Walking Dead Slot Machine Quiz Stats

Quiz Updated Feb 15, 2016

Challenge
Share
Tweet
Score 0/72 Timer 06:00
1 Play Today
Name Actor/Actress and Character % Correct
AndrewAndrew Lincoln Rick Grimes
96.8%
LincolnAndrew Lincoln Rick Grimes
96.8%
RickAndrew Lincoln Rick Grimes
96.8%
GrimesAndrew Lincoln Rick Grimes
96.8%
NormanNorman Reedus Daryl Dixon
88.4%
ReedusNorman Reedus Daryl Dixon
88.4%
DarylNorman Reedus Daryl Dixon
88.4%
DixonNorman Reedus Daryl Dixon
88.4%
ChandlerChandler Riggs Carl Grimes
82.1%
RiggsChandler Riggs Carl Grimes
82.1%
CarlChandler Riggs Carl Grimes
82.1%
GrimesChandler Riggs Carl Grimes
82.1%
StevenSteven Yeun Glenn Rhee
81.4%
YeunSteven Yeun Glenn Rhee
81.4%
GlennSteven Yeun Glenn Rhee
81.4%
RheeSteven Yeun Glenn Rhee
81.4%
LaurenLauren Cohan Maggie Greene
78.6%
CohanLauren Cohan Maggie Greene
78.6%
MaggieLauren Cohan Maggie Greene
78.6%
GreeneLauren Cohan Maggie Greene
78.6%
MelissaMelissa McBride Carol Peletier
76.6%
McBrideMelissa McBride Carol Peletier
76.6%
CarolMelissa McBride Carol Peletier
76.6%
PeletierMelissa McBride Carol Peletier
76.6%
EmilyEmily Kinney Beth Greene
72.8%
KinneyEmily Kinney Beth Greene
72.8%
BethEmily Kinney Beth Greene
72.8%
GreeneEmily Kinney Beth Greene
72.8%
Sarah WayneSarah Wayne Callies Lori Grimes
72.7%
CalliesSarah Wayne Callies Lori Grimes
72.7%
LoriSarah Wayne Callies Lori Grimes
72.7%
GrimesSarah Wayne Callies Lori Grimes
72.7%
JonJon Bernthal Shane Walsh
69.4%
BernthalJon Bernthal Shane Walsh
69.4%
ShaneJon Bernthal Shane Walsh
69.4%
WalshJon Bernthal Shane Walsh
69.4%
Name Actor/Actress and Character % Correct
MichaelMichael Rooker Merle Dixon
67%
RookerMichael Rooker Merle Dixon
67%
MerleMichael Rooker Merle Dixon
67%
DixonMichael Rooker Merle Dixon
67%
DavidDavid Morrissey Phillip 'The Governor' Blake
56.3%
MorrisseyDavid Morrissey Phillip 'The Governor' Blake
56.3%
Philip 'The Governor'David Morrissey Phillip 'The Governor' Blake
56.3%
BlakeDavid Morrissey Phillip 'The Governor' Blake
56.3%
ScottScott Wilson Hershel Greene
55.2%
WilsonScott Wilson Hershel Greene
55.2%
HershelScott Wilson Hershel Greene
55.2%
GreeneScott Wilson Hershel Greene
55.2%
MichaelMichael Cudlitz Abraham Ford
53.7%
CudlitzMichael Cudlitz Abraham Ford
53.7%
AbrahamMichael Cudlitz Abraham Ford
53.7%
FordMichael Cudlitz Abraham Ford
53.7%
IronEIronE Singleton Theodore 'T-Dog' Douglas
49.1%
SingletonIronE Singleton Theodore 'T-Dog' Douglas
49.1%
Theodore 'T-Dog'IronE Singleton Theodore 'T-Dog' Douglas
49.1%
DouglasIronE Singleton Theodore 'T-Dog' Douglas
49.1%
JeffreyJeffrey DeMunn Dale Horvath
48.1%
DeMunnJeffrey DeMunn Dale Horvath
48.1%
DaleJeffrey DeMunn Dale Horvath
48.1%
HorvathJeffrey DeMunn Dale Horvath
48.1%
ChadChad Coleman Tyreese Williams
46.5%
ColemanChad Coleman Tyreese Williams
46.5%
TyreeseChad Coleman Tyreese Williams
46.5%
WilliamsChad Coleman Tyreese Williams
46.5%
TovahTovah Feldshuh Deanna Monroe
41.7%
FeldshuhTovah Feldshuh Deanna Monroe
41.7%
DeannaTovah Feldshuh Deanna Monroe
41.7%
MonroeTovah Feldshuh Deanna Monroe
41.7%
LawrenceLawrence Gilliard Jr. Bob Stookey
39.4%
Gilliard Jr.Lawrence Gilliard Jr. Bob Stookey
39.4%
BobLawrence Gilliard Jr. Bob Stookey
39.4%
StookeyLawrence Gilliard Jr. Bob Stookey
39.4%

You're not logged in!

Compare scores with friends on all Sporcle quizzes.
Join for Free
OR
Log In

You Might Also Like...

Show Comments

Extras

Top Quizzes Today


Score Distribution

Your Account Isn't Verified!

In order to create a playlist on Sporcle, you need to verify the email address you used during registration. Go to your Sporcle Settings to finish the process.

Report this User

Report this user for behavior that violates our Community Guidelines.

Details: